Canzoni italiane dalle prime parole - Statistics

Statistiche generali
  • Questo quiz è stato fatto 1.464 volte
  • Il punteggio medio è 10 su 20
Statistiche sulle risposte
Parole Titolo % Corretto
Che confusione... Sarà perche ti amo
95%
Lasciatemi cantare con la chitarra in mano... L'Italiano
71%
Marco se n'è andato et non ritorna più... La Solitudine
68%
In un mondo che non ci vuole più... Il mio canto libero
64%
Non c'è un amore senza una ragazza che pianga... Tango
61%
Questa è la storia di uno di noi... Il Ragazzo della via Gluck
60%
Io vi chiedo perdon ma non seguo il bon ton... Vorrei ma non posto
59%
Le navi salpano, le spiagge bruciano... Riccione
58%
Qui dove il mare lucica et tira forte il vento... Caruso
50%
Lo stupore della notte spalancata sul mar... Se Telefonando
45%
La verità mi fa male lo so... Nessuno mi può giudicare
44%
Sai, la gente è strana... Almeno tu nell'Universo
42%
Non basta un raggio di sole... La Notte
42%
Quella sua maglietta fina... Questo piccolo grande amore
41%
Com'è cominciata io non saprei... Più bella cosa
40%
Ci fanno compagnia certe lettere d'amore... Quello che le donne non dicono
32%
Vado a punto et a capo così... Sei nell'anima
32%
Penso che ogni giorno sia come una pesca miracolosa... I Migliori anni della nostra vita
26%
La fretta del cuore è gia una novità... Non sono una signora
16%
Parla in fretta et non pensar... Mentre tutto scorre
14%
Nessun quiz corrispondente trovato
Distribuzione punteggi
Percentuale di utenti per punteggio
Percentile per numero di risposta
I tuoi punteggi nel tempo
Non hai fatto questo quiz